000 00679nam a2200217Ia 4500
008 131103s9999 xx 000 0 und d
020 _a8178881713
_cRs 995(Set)
040 _aLoreto College
041 _aEnglish
082 _a342/PAT
_bLCLIB/45937
100 _aPathi, Srinibas
245 _aMajor Constitutions Volume II
_b Government and Politics in UK, USA, Switzerland and China
_cSrinibas Pathi, Amareswar Mishra
260 _aNew Delhi
_bDominant Publishers and Distributors
_c2004
300 _a136p
_c 23 cm
630 _aGovernment
650 _aPolitics
651 _aConstitutions
700 _aMishra, Amareswar
850 _aLCLIB/342/PAT
942 _cBK
999 _c17195
_d67674